STATICAL DESIGN AND ANALYSIS FOR INTERCROPPING EXPERIMENTS VOLUME II:THREE OR MORE CROPS (Record no. 21379)

MARC details
000 -LEADER
fixed length control field 00516nam a22001697a 4500
003 - CONTROL NUMBER IDENTIFIER
control field OSt
005 - DATE AND TIME OF LATEST TRANSACTION
control field 20211203155258.0
008 - FIXED-LENGTH DATA ELEMENTS--GENERAL INFORMATION
fixed length control field 211203b |||||||| |||| 00| 0 eng d
020 ## - INTERNATIONAL STANDARD BOOK NUMBER
International Standard Book Number 0-387-98533-6
040 ## - CATALOGING SOURCE
Transcribing agency HAWASSA UNIVERSITY
050 ## - LIBRARY OF CONGRESS CALL NUMBER
Classification number 631.58/FED
Item number 5
082 ## - DEWEY DECIMAL CLASSIFICATION NUMBER
Classification number 631.58/FED
Item number 5
100 ## - MAIN ENTRY--PERSONAL NAME
Personal name FEDERER T. WALTER
Fuller form of name FEDERER T. WALTER
9 (RLIN) 14611
245 ## - TITLE STATEMENT
Title STATICAL DESIGN AND ANALYSIS FOR INTERCROPPING EXPERIMENTS VOLUME II:THREE OR MORE CROPS
260 ## - PUBLICATION, DISTRIBUTION, ETC.
Place of publication, distribution, etc. NEW YORK
Name of publisher, distributor, etc. SPRINGER
Date of publication, distribution, etc. 1999
942 ## - ADDED ENTRY ELEMENTS (KOHA)
Source of classification or shelving scheme Dewey Decimal Classification
Koha item type Books like text book referance book
Suppress in OPAC No
Holdings
Withdrawn status Lost status Source of classification or shelving scheme Damaged status Not for loan Home library Current library Date acquired Total Checkouts Full call number Barcode Date last seen Copy number Price effective from Koha item type
    Dewey Decimal Classification     College of Agriculture Library College of Agriculture Library 12/03/2021   631.58/FED ALIB0013346 12/03/2021 1 12/03/2021 Books like text book referance book
    Dewey Decimal Classification     College of Agriculture Library College of Agriculture Library 12/03/2021   631.58/FED ALIB0013347 12/03/2021 2 12/03/2021 Books like text book referance book
    Dewey Decimal Classification     College of Agriculture Library College of Agriculture Library 12/03/2021   631.58/FED ALIB0013348 12/03/2021 3 12/03/2021 Books like text book referance book
    Dewey Decimal Classification     College of Agriculture Library College of Agriculture Library 12/03/2021   631.58/FED ALIB0013349 12/03/2021 4 12/03/2021 Books like text book referance book
    Dewey Decimal Classification     College of Agriculture Library College of Agriculture Library 12/03/2021   631.58/FED ALIB0013350 12/03/2021 5 12/03/2021 Books like text book referance book